[Event "Pierrefitte op"]
[Site "Pierrefitte"]
[Date "2003.09.28"]
[Round "7"]
[White "Lewis, John"]
[Black "Heard, Dennis"]
[Result "1-0"]
[WhiteElo "1987"]
[BlackElo "1865"]
[PlyCount "75"]
[EventDate "2003.04.27"]
[EventType "swiss (rapid)"]
[EventRounds "7"]
[EventCountry "FRA"]
[SourceTitle "EXT 2005"]
[Source "ChessBase"]
[SourceDate "2004.11.15"]
[SourceVersion "1"]
[SourceVersionDate "2004.11.15"]
[SourceQuality "1"]

1. d4 d5 2. c4 e6 3. Nc3 Nf6 4. Nf3 Be7 5. Bg5 Nbd7 6. e3 0-0 7. Rc1 c6 8. Bd3 h6 9. Bf4 Re8 10. 0-0 Nf8 11. Qc2 Nh5 12. Be5 Bd6 13. Rb1 Nf6 14. b4 Ng4 15. Bxd6 Qxd6 16. cxd5 exd5 17. b5 Bd7 18. bxc6 bxc6 19. Na4 Reb8 20. Nc5 Bc8 21. Qa4 Nd7 22. Rxb8 Qxb8 23. Qxc6 Nxc5 24. Qxc5 Qb2 25. Qxd5 Bb7 26. Qb3 Qxb3 27. axb3 Rc8 28. Bc4 Nf6 29. Ra1 a6 30. h3 Ne4 31. Ne5 Nd6 32. f3 Nxc4 33. Nxc4 Bd5 34. Rxa6 Bxc4 35. bxc4 Rxc4 36. Kf2 Rc2+ 37. Kg3 Kh7 38. d5 1-0